000
00334pam a2200157a 44500
008
230515b1982 xxu||||| |||| 00| 0 eng d
020
_a
NULL
041
_a
ENGLISH
082
_a
630
100
_a
9902-1982
245
_a
PRACTICE FOR LEAK TESTING
250
_a
0
260
_a
DELHI
_b
ISI
_c
1982
300
_a
12
650
_a
NULL
999
_c
651870
_d
651870